Normal view
MARC view
Entry Personal Name
001 - CONTROL NUMBER
- control field: 45622
003 - CONTROL NUMBER IDENTIFIER
- control field: dpl
005 - DATE AND TIME OF LATEST TRANSACTION
- control field: 20120424110950.0
008 - FIXED-LENGTH DATA ELEMENTS
- fixed length control field: 120424|||a|||||| | ||| d
040 ## - CATALOGING SOURCE
- Original cataloging agency: dpl
- Transcribing agency: dpl
100 ## - HEADING--PERSONAL NAME
- Personal name: शर्मा, सुभाष
670 ## - SOURCE DATA FOUND
- Source citation: Work cat.: (dpl): शर्मा, सुभाष, भारत में शिक्षा व्यवस्थाः अवधारणाएँ, समस्याएँ एवं संभावनाएँ /, 2004
670 ## - SOURCE DATA FOUND
- Source citation: Work cat.: (dpl): शर्मा, सुभाष, भारत में शिक्षा व्यवस्थाः अवधारणाएँ, समस्याएँ एवं संभावनाएँ /, 2004
